00522nam a2200157Ia 4500100003600000250000600036942000700042654001300049245006800062260002600130300000900156546001200165999001700177952008500194952008500279 aAmundsen Micheal/ Smith/Curtis  a2 cBK acomputer aTeach Yourself Data base Prog with Visual Basics 5 in 21 days bTechmediaaNONEc1997 a1041 aENGLISH c21545d21545 001040708CRCaCRCEbCRCEd2023-03-17l0o p10068r2023-03-17w2023-03-17yBK 001040708CRCaCRCEbCRCEd2023-03-17l0o p10069r2023-03-17w2023-03-17yBK